[Event "Canadian Opne"]
[Site "?"]
[Date "2016.07.14"]
[Round "5"]
[White "Teh, Aron"]
[Black "Doknjas, John"]
[Result "1/2-1/2"]
[WhiteElo "2328"]
[BlackElo "2123"]
[PlyCount "81"]
[SourceDate "2016.07.13"]

1. d4 Nf6 2. c4 c5 3. d5 e6 4. Nc3 exd5 5. cxd5 d6 6. Nf3 g6 7. g3 Bg7 8. Bg2
O-O 9. O-O a6 10. a4 Nbd7 11. Bf4 Qc7 12. Qc2 Rb8 13. a5 b5 14. axb6 Nxb6 15.
Rad1 Nc4 16. Bc1 Qb6 17. Qd3 Qb3 18. Nd2 Nxd2 19. Qxd2 Re8 20. Qf4 Qb6 21. Rfe1
Qc7 22. Qa4 Rb4 23. Qc2 Nd7 24. h3 Rd4 25. Kh2 f5 26. e3 Rxd1 27. Rxd1 Ne5 28.
Ne2 Qe7 29. Bd2 h5 30. h4 g5 31. hxg5 Ng4+ 32. Kg1 Qxg5 33. Qa4 Qe7 34. b4 cxb4
35. Nf4 Bd7 36. Qxb4 Nf6 37. Bc3 Ng4 38. Bxg7 Kxg7 39. Nxh5+ Kh6 40. Nf4 Nxf2
41. Re1 1/2-1/2

[Event "Canadian Open"]
[Site "?"]
[Date "2016.07.14"]
[Round "5"]
[White "Vettese, Nicholas"]
[Black "Chaichi, Navid"]
[Result "1/2-1/2"]
[WhiteElo "2147"]
[BlackElo "2134"]
[PlyCount "102"]
[SourceDate "2016.07.13"]

1. e4 c5 2. Nf3 Nc6 3. d4 cxd4 4. Nxd4 e5 5. Nb5 d6 6. N1c3 a6 7. Na3 b5 8. Nd5
Nge7 9. c4 Nd4 10. Be3 Nxd5 11. cxd5 Be7 12. Bxd4 exd4 13. Nc2 Bf6 14. Qd2 O-O
15. Bd3 g6 16. O-O Bg7 17. a4 bxa4 18. Rxa4 Bd7 19. Ra5 f5 20. exf5 Bxf5 21.
Rfa1 Qh4 22. Bxf5 Rxf5 23. Rxa6 Raf8 24. b3 Qe4 25. Ra8 Qxd5 26. Rxf8+ Rxf8 27.
Rd1 Rb8 28. Nxd4 Be5 29. b4 Kf7 30. Nc2 Qxd2 31. Rxd2 Ke6 32. Rd1 d5 33. Kf1
Rc8 34. Ne1 Bc3 35. Rb1 d4 36. Ke2 Kd5 37. Nf3 Re8+ 38. Kd3 Rf8 39. Ke2 d3+ 40.
Ke3 Kc4 41. b5 Re8+ 42. Kf4 d2 43. Kg5 Rf8 44. Nxd2+ Bxd2+ 45. f4 Bb4 46. b6
Rf5+ 47. Kh6 Rf7 48. h4 Bf8+ 49. Kg5 Rf5+ 50. Kg4 h5+ 51. Kf3 Bb4 1/2-1/2

[Event "Canadian Open"]
[Site "?"]
[Date "2016.07.14"]
[Round "5"]
[White "Antal, Gergely"]
[Black "Peredun, Andrew"]
[Result "1/2-1/2"]
[WhiteElo "2545"]
[BlackElo "2283"]
[PlyCount "82"]
[SourceDate "2016.07.13"]

1. e4 e5 2. Nc3 Nc6 3. g3 f5 4. exf5 Nf6 5. Nf3 d5 6. d4 exd4 7. Ne2 Bb4+ 8. c3
dxc3 9. bxc3 Bc5 10. Bh3 O-O 11. Bg5 Bxf2+ 12. Kxf2 Ne4+ 13. Kg2 Nxg5 14. Nxg5
Qxg5 15. Qxd5+ Kh8 16. Rhf1 Ne7 17. Qc5 Bxf5 18. Bxf5 Nxf5 19. Kg1 Qe3+ 20.
Qxe3 Nxe3 21. Rxf8+ Rxf8 22. Nf4 Rd8 23. Ne6 Rd1+ 24. Rxd1 Nxd1 25. c4 Nc3 26.
Nxc7 Nxa2 27. Nb5 a6 28. Kf2 Kg8 29. Ke3 Nb4 30. Kd4 b6 31. Nc3 Nc2+ 32. Kd5
Ne3+ 33. Kd4 Nc2+ 34. Kd5 Na3 35. Ne4 Kf7 36. Nd6+ Kf6 37. Ne8+ Kf5 38. Nxg7+
Kg4 39. Ne8 Kh3 40. c5 bxc5 41. Kxc5 Kxh2 1/2-1/2

[Event "Canadian Open"]
[Site "?"]
[Date "2016.07.14"]
[Round "5"]
[White "Fan, Runkun"]
[Black "Song, Edward"]
[Result "0-1"]
[WhiteElo "1868"]
[BlackElo "2305"]
[PlyCount "80"]
[SourceDate "2016.07.13"]

1. Nf3 Nf6 2. c4 c6 3. d4 d5 4. Nc3 a6 5. e3 g6 6. b3 Bg7 7. Bd3 O-O 8. O-O Bg4
9. cxd5 cxd5 10. h3 Bxf3 11. Qxf3 Nc6 12. Rd1 Rc8 13. Bb2 e6 14. Bf1 Qe7 15. a3
Na5 16. b4 Nc4 17. Bc1 Qd7 18. b5 a5 19. a4 Rc7 20. Ba3 Nxa3 21. Rxa3 Rfc8 22.
Nb1 b6 23. Bd3 Rc1 24. Nd2 Bf8 25. Ra1 Rxa1 26. Rxa1 Kg7 27. Qe2 Rc3 28. Nf3
Bd6 29. Ne5 Bxe5 30. dxe5 Ng8 31. e4 dxe4 32. Bxe4 Qd4 33. Rd1 Qxa4 34. Bc6 Rc5
35. g3 Ne7 36. Be8 Rc8 37. Bd7 Rd8 38. Qf3 Kg8 39. Kg2 Nd5 40. Bc6 Qxd1 0-1

[Event "Canadian Open"]
[Site "?"]
[Date "2016.07.14"]
[Round "5"]
[White "Hua, Eugene"]
[Black "Cherniaev, Alexander"]
[Result "1/2-1/2"]
[WhiteElo "2215"]
[BlackElo "2451"]
[PlyCount "93"]
[SourceDate "2016.07.13"]

1. e4 c6 2. d4 d5 3. e5 Bf5 4. Nf3 e6 5. Be2 Bb4+ 6. c3 Ba5 7. O-O Nd7 8. Nbd2
Bc7 9. Re1 Qe7 10. b4 f6 11. exf6 Ngxf6 12. b5 O-O 13. a4 c5 14. Ba3 b6 15. c4
Qf7 16. Rc1 Rac8 17. Nf1 Ne4 18. Ne3 Bf4 19. Nxf5 Bxc1 20. Bxc1 Qxf5 21. Bb2
cxd4 22. Qxd4 Rf7 23. Bd3 Ndc5 24. Bc2 Qf6 25. cxd5 Qxd4 26. Bxd4 exd5 27. Ne5
Rfc7 28. Nc6 Kf8 29. Be5 Rxc6 30. bxc6 Rxc6 31. f3 Nf6 32. Re2 a6 33. Rd2 Ke7
34. Bxf6+ Rxf6 35. Rxd5 Rd6 36. Rxd6 Kxd6 37. Kf2 h6 38. f4 Kd5 39. Ke3 b5 40.
axb5 axb5 41. g4 b4 42. g5 b3 43. Bb1 hxg5 44. fxg5 Ne6 45. g6 Nd4 46. Bd3 Ke5
47. Kd2 1/2-1/2

[Event "Canadian Open"]
[Site "?"]
[Date "2016.07.15"]
[Round "?"]
[White "James, Rowan"]
[Black "Green, Jim"]
[Result "1-0"]
[WhiteElo "1766"]
[BlackElo "1888"]
[PlyCount "77"]
[SourceDate "2016.07.13"]

1. e4 e5 2. Nf3 Nf6 3. Nxe5 d6 4. Nf3 Nxe4 5. d4 d5 6. Bd3 Bf5 7. O-O Be7 8.
Re1 O-O 9. c4 c6 10. Bf4 Nd7 11. Qb3 Qb6 12. Qxb6 axb6 13. cxd5 cxd5 14. Nc3
Ndf6 15. a3 Nxc3 16. Bxf5 Nce4 17. Rac1 Ra4 18. Be5 Bd6 19. Red1 g6 20. Bc8 Ra7
21. Nd2 Rd8 22. f3 Bxe5 23. dxe5 Nxd2 24. Rxd2 Ne8 25. e6 Rd6 26. e7 Kg7 27.
Rcd1 Ra8 28. Bxb7 Ra7 29. Rxd5 Rxd5 30. Bxd5 Rxe7 31. Bc4 Nc7 32. Kf2 b5 33.
Bb3 h5 34. Rd4 Ne6 35. Bxe6 Rxe6 36. Rd5 Rb6 37. Ke3 Kf6 38. h4 b4 39. a4 1-0

[Event "Canadian Open"]
[Site "?"]
[Date "2016.07.15"]
[Round "6"]
[White "Doknjas, Neil"]
[Black "Kolati, Daniel"]
[Result "0-1"]
[WhiteElo "1879"]
[BlackElo "1781"]
[PlyCount "128"]
[SourceDate "2016.07.13"]

1. e4 c5 2. Nf3 d6 3. d4 cxd4 4. Nxd4 Nf6 5. Nc3 g6 6. Be3 Bg7 7. f3 O-O 8. Qd2
Nc6 9. g4 Nxd4 10. Bxd4 Be6 11. h4 Qa5 12. h5 Rfc8 13. h6 Bh8 14. g5 Nd7 15.
Bxh8 Kxh8 16. f4 Qb4 17. O-O-O a6 18. Bh3 Nc5 19. Bxe6 fxe6 20. a3 Qc4 21. Qe3
Nd7 22. f5 Ne5 23. f6 exf6 24. gxf6 Qc7 25. Rhf1 Rf8 26. Ne2 Rac8 27. Nd4 Qd7
28. Qb3 Rce8 29. Qg3 Nf7 30. Nf3 Qb5 31. Rg1 Qc4 32. Nd2 Qc6 33. Qe3 Rc8 34. c3
Ne5 35. Nf3 Nc4 36. Qe2 Nxa3 37. bxa3 Qxc3+ 38. Kb1 Qb3+ 39. Qb2 Qxf3 40. f7+
e5 41. Rge1 Rxf7 42. Rxd6 Re8 43. Rb6 Qd3+ 44. Ka1 Rf1 45. Rxf1 Qxf1+ 46. Ka2
Qc4+ 47. Ka1 Qxe4 48. Rxb7 Qh1+ 49. Ka2 Qxh6 50. Rb8 Qf8 51. Rb6 Qf7+ 52. Ka1
Qf1+ 53. Ka2 Qc4+ 54. Ka1 Qd4 55. Rxa6 Qxb2+ 56. Kxb2 e4 57. Rc6 e3 58. Rc1 Kg7
59. Kb3 Kf6 60. a4 e2 61. Re1 Kf5 62. a5 Kf4 63. a6 Kf3 64. a7 Kf2 0-1

[Event "Canadian Open"]
[Site "?"]
[Date "2016.07.15"]
[Round "6"]
[White "Faraji, Jafar"]
[Black "Su, Michael"]
[Result "1-0"]
[WhiteElo "1827"]
[BlackElo "1881"]
[PlyCount "85"]
[SourceDate "2016.07.13"]

1. Nf3 e6 2. g3 d5 3. Bg2 f5 4. d4 Nf6 5. O-O Bd6 6. c4 c6 7. b3 Qe7 8. Bb2 O-O
9. Nc3 Nbd7 10. e3 b6 11. cxd5 exd5 12. Rc1 Bb7 13. Ne2 Ne4 14. Nf4 Rac8 15.
Nd3 Ba6 16. Re1 Bxd3 17. Qxd3 g5 18. Re2 Qf6 19. Rec2 Bb8 20. b4 b5 21. a4 a6
22. axb5 axb5 23. Nd2 Nb6 24. f3 Nxd2 25. Rxd2 f4 26. gxf4 gxf4 27. e4 Nc4 28.
Re2 Qg6 29. Kh1 dxe4 30. fxe4 Nxb2 31. Rxb2 Kh8 32. Bf3 Rg8 33. Qc3 Qf6 34. e5
Qf7 35. Bxc6 f3 36. Rf2 Rgf8 37. d5 Qf4 38. d6 Ba7 39. Rxf3 Qxf3+ 40. Bxf3 Rxc3
41. Rxc3 Bd4 42. e6 Rg8 43. Rc1 1-0

[Event "Canadian Open"]
[Site "?"]
[Date "2016.07.15"]
[Round "6"]
[White "Finley, Ian"]
[Black "Tanaka, Tyler"]
[Result "1-0"]
[WhiteElo "1872"]
[BlackElo "1835"]
[PlyCount "106"]
[SourceDate "2016.07.13"]

1. e4 c5 2. Nf3 d6 3. g3 Nc6 4. Bg2 g6 5. d3 Bg7 6. O-O e6 7. Nbd2 Nge7 8. Re1
O-O 9. Nf1 d5 10. e5 b5 11. Bf4 Bb7 12. Qd2 a5 13. g4 Qc7 14. Bh6 Rad8 15. h4
d4 16. Bxg7 Kxg7 17. Ng3 c4 18. Qg5 Nd5 19. Nh5+ Kh8 20. Nf6 Kg7 21. Nh5+ Kh8
22. Qh6 gxh5 23. Ng5 f6 24. Nxe6 Qe7 25. Nxf8 Qxf8 26. Qxf8+ Rxf8 27. Bxd5 fxe5
28. dxc4 bxc4 29. Bxc4 hxg4 30. Bd5 Re8 31. Rad1 Kg7 32. c3 dxc3 33. bxc3 Kf6
34. Bxc6 Bxc6 35. Rd6+ Re6 36. Red1 Ke7 37. Rxe6+ Kxe6 38. Kh2 Bd5 39. Rd2 a4
40. h5 Bc4 41. Kg3 Kf5 42. a3 Kg5 43. h6 Bb3 44. Rd6 Bc4 45. f3 Be2 46. fxg4
Bxg4 47. c4 e4 48. Rd5+ Bf5 49. c5 Kf6 50. Kf4 Be6 51. Kxe4 Bxd5+ 52. Kxd5 Ke7
53. Kc6 Kd8 1-0

[Event "Canadian Open"]
[Site "?"]
[Date "2016.07.15"]
[Round "6"]
[White "Shah, Omaray"]
[Black "Piccinin, Mario"]
[Result "0-1"]
[WhiteElo "1927"]
[BlackElo "1809"]
[PlyCount "54"]
[SourceDate "2016.07.13"]

1. e4 Nc6 2. d4 d5 3. e5 f6 4. Nf3 Bg4 5. Bf4 Bxf3 6. gxf3 fxe5 7. dxe5 Qd7 8.
Nc3 d4 9. Ne4 Qf5 10. Qd2 Nxe5 11. Be2 O-O-O 12. Rg1 Ng6 13. Bxc7 Kxc7 14. Rg5
Qe6 15. Nc5 Qb6 16. Na4 Qd6 17. Qa5+ Kb8 18. Ba6 e5 19. Bxb7 Qb4+ 20. Qxb4
Bxb4+ 21. c3 dxc3 22. bxc3 Bxc3+ 23. Nxc3 Kxb7 24. Rb1+ Kc6 25. Rg4 Rd4 26. Rb8
Rxg4 27. fxg4 Nf6 0-1

[Event "Canadian Open"]
[Site "?"]
[Date "2016.07.15"]
[Round "6"]
[White "Zhou, Aiden"]
[Black "Zhang, Zhehai"]
[Result "1/2-1/2"]
[WhiteElo "1847"]
[BlackElo "1837"]
[PlyCount "73"]
[SourceDate "2016.07.13"]

1. d4 d5 2. Bf4 Nf6 3. e3 e6 4. Bd3 Be7 5. Nf3 O-O 6. Nbd2 Nbd7 7. O-O c5 8. c3
a6 9. h3 b5 10. Ne5 Bb7 11. Qf3 Nb6 12. g4 Nfd7 13. Qg3 Nxe5 14. Bxe5 Rc8 15.
dxc5 Bxc5 16. Nb3 Be7 17. f4 Na4 18. Rab1 f6 19. Bd4 Bd6 20. Qh4 g6 21. Qh6 Qd7
22. f5 e5 23. fxg6 hxg6 24. Bxg6 Qg7 25. Qh5 exd4 26. Nxd4 Qh8 27. Ne6 Qxh5 28.
gxh5 Rf7 29. Bxf7+ Kxf7 30. Nd4 Rh8 31. Rf5 Rg8+ 32. Kf2 Rg3 33. Rf3 Rg5 34.
Rf5 Rg3 35. Rf3 Rg5 36. Rf5 Rg3 37. Rf3 1/2-1/2

[Event "Canadian Open"]
[Site "?"]
[Date "2016.07.15"]
[Round "6"]
[White "Thanabalachandran, Kajan"]
[Black "Du, Daniel"]
[Result "1-0"]
[WhiteElo "1846"]
[BlackElo "1656"]
[PlyCount "91"]
[SourceDate "2016.07.13"]

1. e4 e6 2. d4 d5 3. Bd3 Nf6 4. Nd2 Be7 5. Ne2 c5 6. c3 Nc6 7. O-O O-O 8. e5
Nd7 9. f4 Qb6 10. Nf3 f6 11. Kh1 f5 12. h3 Rf7 13. g4 Nf8 14. Bb1 cxd4 15. cxd4
Bd7 16. Nc3 Qa5 17. Qb3 Qa6 18. Rf2 Na5 19. Qd1 Bc6 20. Ne2 Bb5 21. Ng3 g6 22.
b3 Rc8 23. Rc2 Rxc2 24. Bxc2 Qb6 25. Be3 Nc6 26. Qd2 Nb4 27. Bb1 Nc6 28. Bc2
Nb4 29. Bd1 Nd3 30. a3 Qa6 31. Be2 Bxa3 32. Bxd3 Bxd3 33. Rxa3 Qxa3 34. Qxd3
fxg4 35. hxg4 h5 36. Ng5 Rc7 37. gxh5 gxh5 38. Nxh5 Qa1+ 39. Kg2 Rc3 40. Nf6+
Kh8 41. Qe2 Nh7 42. Nf7+ Kg7 43. Qg4+ Ng5 44. Qxg5+ Kxf7 45. Qg8+ Ke7 46. Qe8#
1-0

[Event "Canadian Open"]
[Site "?"]
[Date "2016.07.15"]
[Round "6"]
[White "Cashin, Ken"]
[Black "Li, Eric"]
[Result "0-1"]
[WhiteElo "1837"]
[BlackElo "1637"]
[PlyCount "72"]
[SourceDate "2016.07.13"]

1. e4 c5 2. Nc3 Nc6 3. f4 d6 4. Nf3 g6 5. Bb5 Bd7 6. O-O Bg7 7. d3 a6 8. Bxc6
Bxc6 9. Qe1 Nf6 10. Qh4 b5 11. f5 Qd7 12. Bh6 Bxh6 13. Qxh6 gxf5 14. Rae1 O-O-O
15. Qf4 e5 16. Qxf5 Qxf5 17. exf5 Rhg8 18. Ne4 Nxe4 19. dxe4 f6 20. h3 d5 21.
Nd2 dxe4 22. Rf2 Rd4 23. Re3 c4 24. Rfe2 Rgd8 25. Nxe4 Bxe4 26. Rxe4 Rxe4 27.
Rxe4 Rd2 28. a4 Rxc2 29. axb5 axb5 30. g4 Kd7 31. g5 Ke7 32. g6 hxg6 33. fxg6
Rxb2 34. h4 c3 35. Re1 c2 36. Rc1 Rb1 0-1

[Event "Canadian Open"]
[Site "?"]
[Date "2016.07.15"]
[Round "6"]
[White "Manion, Tom"]
[Black "Li, Jack"]
[Result "1-0"]
[WhiteElo "1810"]
[BlackElo "1546"]
[PlyCount "87"]
[SourceDate "2016.07.13"]

1. d4 d5 2. c4 c6 3. Nc3 Nf6 4. Nf3 e6 5. Qb3 Be7 6. g3 Nbd7 7. Bg2 O-O 8. O-O
Nb6 9. c5 Nc4 10. Qc2 b6 11. b3 Na5 12. Na4 bxc5 13. dxc5 Ba6 14. Bb2 Bb5 15.
Nc3 Ba6 16. Nd1 Nd7 17. Bd4 Bf6 18. Bxf6 Qxf6 19. Nb2 Ne5 20. Rfd1 Nxf3+ 21.
Bxf3 Rab8 22. Nd3 e5 23. Bg2 Rfe8 24. Qd2 Nb7 25. Rac1 Rbd8 26. Nb4 Bb5 27. a4
a5 28. Nxd5 cxd5 29. axb5 e4 30. e3 Re7 31. c6 Nd6 32. Qxa5 Ree8 33. Ra1 Rb8
34. Rxd5 Rxb5 35. Rxb5 Nxb5 36. Qa8 Kf8 37. Qa6 Nc7 38. Qa3+ Kg8 39. Rc1 Ra8
40. Qb4 Qb2 41. Qc3 Qe2 42. Qc2 Qb5 43. Bxe4 g6 44. Qc4 1-0

[Event "Canadian Open"]
[Site "?"]
[Date "2016.07.15"]
[Round "6"]
[White "Glew, Richard"]
[Black "Zhao, Zhong"]
[Result "1/2-1/2"]
[WhiteElo "1806"]
[BlackElo "1732"]
[PlyCount "172"]
[SourceDate "2016.07.13"]

1. e4 c5 2. Nf3 a6 3. d4 cxd4 4. Nxd4 e5 5. Ne2 Nf6 6. Nbc3 Nc6 7. g3 Bc5 8.
Be3 Bxe3 9. fxe3 d6 10. Qd2 O-O 11. h3 b5 12. Bg2 Bb7 13. Rd1 Ne8 14. O-O Rc8
15. g4 Ne7 16. Ng3 g6 17. Rf2 Rc5 18. Nd5 Kg7 19. Rdf1 Nxd5 20. exd5 Qa8 21. e4
Qd8 22. Rf3 Qc7 23. c3 b4 24. Ne2 a5 25. Rc1 Ba6 26. Bf1 Nf6 27. Ng3 bxc3 28.
Rfxc3 Rxc3 29. Rxc3 Qa7+ 30. Qf2 Qxf2+ 31. Kxf2 Bxf1 32. Kxf1 Rb8 33. b3 Rb4
34. Re3 Nd7 35. Ke2 Nc5 36. Kf3 Rd4 37. Ne2 Rd2 38. Nc3 Kf6 39. Nb5 Ke7 40. a3
Rh2 41. Kg3 Rb2 42. Na7 Rxb3 43. Nc6+ Kd7 44. Kf3 a4 45. Na5 Rb5 46. Nc6 Nb3
47. Rd3 Nc1 48. Re3 Na2 49. Rd3 Rb3 50. Ke3 Nc3 51. Na5 Nd1+ 52. Ke2 Rxd3 53.
Kxd3 Nf2+ 54. Ke3 Nxh3 55. Nc4 h5 56. gxh5 gxh5 57. Nb6+ Kc7 58. Nxa4 h4 59.
Nc3 Ng5 60. Nb5+ Kd7 61. a4 h3 62. Kf2 h2 63. Kg2 Nxe4 64. a5 Nc5 65. Kxh2 f5
66. Kg3 Ne4+ 67. Kf3 Nf6 68. Nc3 Kc7 69. Nb5+ Kd7 70. Nc3 Kc8 71. a6 Kb8 72.
Nb5 Ne8 73. Ke3 Nf6 74. Nxd6 Nxd5+ 75. Kf3 Ka7 76. Nxf5 Nf6 77. Ng3 Kxa6 78.
Ne4 Nd7 79. Nc3 Kb6 80. Ke4 Kc5 81. Ke3 Kc4 82. Ne4 Nb6 83. Nf6 Kc5 84. Ng4
Nc4+ 85. Ke4 Kd6 86. Nxe5 Nxe5 1/2-1/2